000 00841naa a2200229 4500
005 20090523162043.0
008 090523t xxu||||| |||| 00| 0 eng d
010 _aENG-93694
020 _a9788131305553
_c895.00
035 _aEN-77227
037 _bDBAD / PUB
040 _adpl
_bEnglish
082 _a551.48
100 _aMahajan, Gautam
245 _aHydrogeology /
_cby Gautam Mahajan
260 _aNew Delhi
_bAPH Publishing
_c2009
270 _a4435/36-7, Ansari Road, Daryaganj
_bNew Delhi
_e110 002
_k23274050
_maphbooks@vsnl.net
300 _avi, 297p.
_c23cm(Hb)
650 _aHydrogeology
942 _adpl
_cEN
_2ddc
_mMAH
_h551.48
999 _c26744
_d26744